| 000 | 01556cam a22003614i 4500 | ||
|---|---|---|---|
| 003 | PE-LiUPU | ||
| 005 | 20250731184102.0 | ||
| 008 | 150623s r 000 0 d | ||
| 035 | _a(Sirsi) a25658 | ||
| 040 |
_aPE-LiUPU _bspa _cPE-LiUPU _erda |
||
| 082 | 0 | 4 |
_a869.569 _bN _221 |
| 100 | 1 |
_aVallejo, César, _d1893-1938, _eautor. |
|
| 245 | 1 | 0 |
_aCésar Vallejo : _bnovelas y cuentos completos / _cCésar Vallejo. |
| 264 | 1 |
_aLima : _bDepartamento de Relaciones Públicas de Petroperú; Ediciones Copé, _c1998. |
|
| 300 |
_a425 páginas ; _c21 cm. |
||
| 336 |
_atext _2rdacontent |
||
| 337 |
_aunmediated _2rdamedia |
||
| 338 |
_avolume _2rdacarrier |
||
| 504 | _aIncluye bibliografía. | ||
| 505 | 0 | _aEscalas: Cuneiformes. Coro de vientos. Fabla salvaje. Hacia el reino de Sciris. Cuentos incluídos en "Contra el secreto profesional". Sabiduría. El tungsteno. Escalas (nueva versión): Cuneiformes. Coro de vientos. Cuentos no recogidos en libro. | |
| 526 | _aP145 | ||
| 526 | _aP127 | ||
| 526 | _aP97 | ||
| 526 | _aP14 | ||
| 526 | _aP07 | ||
| 600 | 1 |
_aVallejo, César. _d1892-1938 _vColecciones |
|
| 650 | 0 | 4 | _aLiteratura peruana. |
| 942 |
_2ddc _cBOOK |
||
| 949 |
_a869.569 N _wDEWEY _c1 _i49785 _lCCODEBUL1 _mBUL _p00.00 _r0 _sY _tBOOK _u2015-06-24 _xBIBLIOTECA _zUNKNOWN _0COMPRA _o.STAFF. Colección General |
||
| 596 | _a1 | ||
| 999 |
_a869.569 N _wDEWEY _c32603 _i49785 _f2021-11-5 _g5 _lCCODEBUL1 _mBUL _r0 _sY _tBOOK _u2015-6-24 _xBIBLIOTECA _zUNKNOWN _0COMPRA _o.STAFF. Colección General _d32603 |
||
| 980 |
_81 _gALBERTO SANCHEZ Responsable de Automatización |
||